| 000 | 01162cam a22002891 4500 | ||
|---|---|---|---|
| 001 | f 01002624 | ||
| 003 | DLC | ||
| 005 | 20260227111244.0 | ||
| 007 | cr ||||||||||| | ||
| 008 | 890323s1858 fr 000 0 fre | ||
| 010 | _af 01002624 | ||
| 035 | _a(OCoLC)19426450 | ||
| 040 |
_aDLC _cMnHi _dNSbSU _dDLC |
||
| 043 | _an-us-mn | ||
| 050 | 0 | 0 |
_aF606 _b.D66 |
| 100 | 1 |
_aDomenech, Emmanuel, _d1826-1903. |
|
| 242 | 1 | 0 |
_aVoyage in the American wilderness : _bvoyage to Minnesota _yeng |
| 245 | 1 | 0 |
_aVoyage dans les solitudes américaines. _bVoyage au Minnesota, _cpar l'abbé E. Domenech ... |
| 260 |
_aParis, _bPouget-Coulon [etc]. _c1858. |
||
| 300 |
_a224 p. _c16 x 10 cm. |
||
| 490 | 0 | _aBibliothèque catholique de voyages et de romans. Série des voyages | |
| 500 | _aThe principal part of the book is devoted to a general account of the Indians of North America, following a brief description of Minnesota. | ||
| 530 | _aAlso available in digital form on the Library of Congress Web site. | ||
| 650 | 0 | _aIndians of North America. | |
| 651 | 0 |
_aMinnesota _xDescription and travel. |
|
| 856 | 4 | 1 |
_dgcfr _f0101 _qo _uhttp://hdl.loc.gov/loc.gdc/gcfr.0101 |
| 999 |
_c22887 _d22887 |
||